000 00714nam a2200253Ia 4500
003 OSt
005 20220918192627.0
006 a|||||r|||| 00| 0
007 ta
008 220917b |||||||| |||| 00| 0 eng d
020 _c150
024 _a69,292
037 _b005, 13/07/1997, Pilgrim Books
_cTextual
040 _aARTS
_cARTS
_beng
041 _2eng
_aeng
082 _aQ4:32, G6;N7
100 _aLaw Bimala Churn
245 0 _aBuddhist conception of spritis
260 _aDelhi
_bPilgrims Books India
_c1997
300 _axi,114p.
_ccm.
650 _aRELIGION
942 _hQ4:32, G6;N7
_cTEXL
_2CC
999 _c195451
_d195451